Nové prístupy k hodnoteniu riadenia klastrových organizácií

Klastrové organizácie zohrávajú kľúčovú úlohu pri riadení progresívneho rozvoja konkrétnych regiónov a zároveň slúžia ako kľúčový faktor pri zlepšovaní konkurenčného prostredia pre podniky. Vzhľadom na rôznorodý charakter ich operácií a rôzny vplyv naprieč ekonomickými sektormi sa používa prispôsobe...

Full description

Saved in:
Bibliographic Details
Main Author: Madleňák, Adam
Format: Book Chapter
Language:Slovak
Subjects:
Tags: Add Tag
No Tags, Be the first to tag this record!

MARC

LEADER 00000naa a2200000 4500
001 0307395
005 20250228123508.8
041 0 |a slo 
044 |a SK 
245 1 0 |a Nové prístupy k hodnoteniu riadenia klastrových organizácií  |c Adam Madleňák 
520 |a Klastrové organizácie zohrávajú kľúčovú úlohu pri riadení progresívneho rozvoja konkrétnych regiónov a zároveň slúžia ako kľúčový faktor pri zlepšovaní konkurenčného prostredia pre podniky. Vzhľadom na rôznorodý charakter ich operácií a rôzny vplyv naprieč ekonomickými sektormi sa používa prispôsobený model hodnotenia. Tento model využíva benchmarking ako metodický prístup na efektívne hodnotenie kvality ich riadenia. Príspevok sa zameriava na hodnotenie kritérií uplatňovaných na klastre, pričom zdôrazňuje naliehavú potrebu zvážiť ďalšie faktory, ako je efektívnosť využívaných prostriedkov a charakteristiky členov a ich dynamika spolupráce. Tieto prvky môžu pomôcť identifikovať optimálny pomer nákladov a výnosov na efektívne dosiahnutie cieľov organizácie. 
610 2 0 |a klaster 
610 2 0 |a výkonnosť 
610 2 0 |a manažment 
610 2 0 |a inovácia 
610 2 0 |a konkurencieschopnosť 
100 1 |a Madleňák, Adam